| 000 | 00475nam a22001817a 4500 | ||
|---|---|---|---|
| 005 | 20180205160419.0 | ||
| 008 | 160523b xxu||||| |||| 00| 0 eng d | ||
| 020 | _a978-81-317-0985-6 | ||
| 041 | _aeng | ||
| 082 |
_b4453 _a005.1 |
||
| 100 |
_aGhezzi, Carlo & Others _91092 |
||
| 245 | _aFundamental of Software Engineering | ||
| 250 | _a3rd ed. | ||
| 260 |
_aNew Delhi _bAcademic Faundation _c2008 |
||
| 300 | _a579 | ||
| 650 |
_aInformation Technology _9137 |
||
| 942 | _cBK | ||
| 999 |
_c1484 _d1484 |
||